| 000 | 01309cam a2200373 4500 | ||
|---|---|---|---|
| 999 |
_c4672 _d4672 |
||
| 001 | 4672 | ||
| 003 | BD-JhCC | ||
| 005 | 20171129182155.0 | ||
| 008 | 701217s19631967maub b 001 0 eng | ||
| 035 | _a(BD-JhCC)4672 | ||
| 040 |
_aDLC _cDLC _dm.c. _dBD-JhCC |
||
| 041 | _aeng | ||
| 050 | 0 | 0 |
_aDS480.84 _b.B73 1963 |
| 082 |
_a954 _bBRO 1967 |
||
| 090 |
_aDS480.84 _b.B881 1963 |
||
| 099 | _aDS480.84.B881 1963 | ||
| 100 | 1 |
_aBrown, W. Norman _q(William Norman), _d1892-1975. |
|
| 245 | 1 | 4 |
_aThe United States and India and Pakistan / _cW. Norman Brown |
| 250 | _aRev. and enl. ed. | ||
| 260 |
_aCambridge : _bHarvard University Press, _c1967. |
||
| 300 |
_ax, 444 p. _bmaps (part col.) _c20 cm. |
||
| 490 | 1 | _aAmerican foreign policy library | |
| 500 | _aThird ed. published in 1972 under title: The United States and India, Pakistan, Bangladesh. | ||
| 504 | _aBibliography: p. [403]-418. | ||
| 650 | _aDiplomatic Relation | ||
| 651 | 0 |
_aIndia _xPolitics and government _y1947- |
|
| 651 | 0 |
_aPakistan _xPolitics and government. |
|
| 651 | 0 |
_aUnited States _xForeign relations _zIndia. |
|
| 651 | 0 |
_aIndia _xForeign relations _zUnited States. |
|
| 830 | 0 | _aAmerican foreign policy library. | |
| 942 |
_2ddc _cBK |
||
| 949 |
_aMYGD _b39080004416381 |
||